000 00228nam a22000857a 4500
008 170608b xxu||||| |||| 00| 0 eng d
100 _93338
_aRav. M. E
245 _aNehru for Children
260 _aNew Delhi
_bChildren's Book Trust
_c1967
999 _c6657
_d6657